Praktické využitie Poissonovho a exponenciálneho rozdelenia bakalárska práca

Na minha lista:
Detalhes bibliográficos
Autor principal: Alexanderčíková, Jana
Autor Corporativo: Fakulta hospodárskej informatiky EU. Katedra matematiky
Outros Autores: Horáková, Galina
Formato: Livro
Idioma:eslovaco
Publicado em: Bratislava 2011
Tags: Adicionar Tag
Sem tags, seja o primeiro a adicionar uma tag!

MARC

LEADER 00000nbm a2200000 4500
001 0140975
005 20161109111725.5
041 0 |a slo 
044 |a SK 
245 1 0 |a Praktické využitie Poissonovho a exponenciálneho rozdelenia  |b bakalárska práca  |c Jana Alexanderčíková ; školiteľ: Galina Horáková 
264 1 |a Bratislava  |c 2011 
300 |a 53 s. 
100 1 |a Alexanderčíková, Jana 
700 1 |a Horáková, Galina 
710 2 |a Fakulta hospodárskej informatiky EU. Katedra matematiky